| 000 | 00335nam a2200121Ia 4500 | ||
|---|---|---|---|
| 008 | 150202s9999 xx 000 0 und d | ||
| 050 |
_aFIC _bFIC |
||
| 100 | _aGardner, John. | ||
| 245 | 4 |
_aThe airline pirates / _cJohn Gardner. |
|
| 260 |
_aGreat Britain : _bStar Books, _c1970. |
||
| 300 |
_a192 pages : _c18 cm. |
||
| 650 | _aFiction. | ||
| 999 |
_c282034 _d282034 |
||